| 000 | 00343 a2200157 4500 | ||
|---|---|---|---|
| 003 | Nust | ||
| 005 | 20170207153533.0 | ||
| 040 | _cNust | ||
| 082 | _a891.439 | ||
| 100 | _aSajid, Khaqan | ||
| 245 |
_aShahqar Afsany _cKhaqan Sajid |
||
| 260 |
_aRawalpindi _bNawab Sons |
||
| 300 | _a256:p | ||
| 538 | _aAlmirah No.67, Shelf No.3 | ||
| 650 | _aAfsany | ||
| 942 |
_2ddc _cBK |
||
| 999 |
_c188082 _d188082 |
||